|
|
|
|
| LEADER |
00000nas a2200000 a 4500 |
| 001 |
ssj0006110 |
| 003 |
WaSeSS |
| 005 |
20200512172242.0 |
| 006 |
m d |
| 007 |
cr n |
| 008 |
971015c19969999enkqr pss 0 a0eng c |
| 010 |
|
|
|a sn 98038118
|
| 016 |
7 |
|
|a 011458203
|2 Uk
|
| 022 |
|
|
|a 1468-4519
|y 1357-5317
|
| 035 |
|
|
|a (WaSeSS)ssj0006110
|
| 037 |
|
|
|b STMP Subscriptions Department, ITPS, Cheriton House, North Way, Andover Hants SP10 5BE, United Kingdom
|
| 040 |
|
|
|a F#A
|b eng
|e pn
|c F#A
|d OCL
|d MYG
|d OCL
|d OCLCQ
|d UKMGB
|d OCLCQ
|d OCLCO
|d OCLCQ
|d OCLCF
|d OCLCO
|d OCLCQ
|d OCLCE
|d DLC
|d UEJ
|d WaSeSS
|
| 042 |
|
|
|a pcc
|
| 050 |
0 |
0 |
|a NA9000
|
| 082 |
0 |
4 |
|a 307.1
|
| 130 |
0 |
|
|a Urban design international (London, England : Online)
|
| 245 |
1 |
0 |
|a Urban design international
|h [electronic resource].
|
| 246 |
1 |
|
|a Urban design
|
| 260 |
|
|
|a London [United Kingdom] :
|b E & FN Spon,
|c ©1996-
|
| 260 |
|
|
|3 <2002-> :
|a [London, England] :
|b Macmillan Publishers
|
| 310 |
|
|
|a Quarterly
|
| 362 |
0 |
|
|a Vol. 1, issue 1 (1996)-
|
| 500 |
|
|
|a Title from journal title screen.
|
| 506 |
|
|
|a License restrictions may limit access.
|
| 538 |
|
|
|a Mode of access: World Wide Web.
|
| 538 |
|
|
|a Master and use copy. Digital master created according to Benchmark for Faithful Digital Reproductions of Monographs and Serials, Version 1. Digital Library Federation, December 2002.
|u http://purl.oclc.org/DLF/benchrepro0212
|5 MiAaHDL
|
| 550 |
|
|
|a Issued by: Joint Centre for Urban Design, Oxford Brookes University.
|
| 583 |
1 |
|
|a digitized
|c 2010
|h HathiTrust Digital Library
|l committed to preserve
|2 pda
|5 MiAaHDL
|
| 588 |
|
|
|a Description based on print version record.
|
| 588 |
|
|
|a Latest issue consulted: Volume 23, issue 4 (November 2018); (Springer Link, viewed February 8, 2019).
|
| 650 |
|
0 |
|a City planning
|v Periodicals.
|
| 650 |
|
7 |
|a City planning.
|2 fast
|0 (OCoLC)fst00862177
|
| 650 |
|
6 |
|a Urbanisme
|v Périodiques.
|
| 653 |
1 |
|
|a Urban regions
|a Environment planning
|
| 655 |
|
0 |
|a Electronic journals.
|
| 710 |
2 |
|
|a Oxford Brookes University.
|b Joint Centre for Urban Design.
|
| 776 |
1 |
|
|t Urban design international (London, England)
|x 1357-5317
|w (DLC) 97641995
|w (OCoLC)35899973
|
| 850 |
|
|
|a DLC
|a MCM
|
| 856 |
4 |
0 |
|z Full text available from Research Library: 12/01/2002 to 1 year ago
|u https://search.proquest.com/publication/26817
|